000 00378nam a2200145Ia 4500
005 20250729165740.0
008 250729s2014 xx 000 0 und d
041 _akan
082 _a370.15 SUNS
100 _aDr.Suneetha C N
_9232053
245 _aShykshanikha Manovijnana
260 _aMysore
_bShruthi Loka Prakashana
_c2014
300 _a464p
650 _aPsychology
_9232054
999 _c239590
_d239590